| 000 | 01165cam a22003255a 4500 | ||
|---|---|---|---|
| 001 | 18267734 | ||
| 005 | 20161117130520.0 | ||
| 008 | 140814s2015 caua frdb 001 0 eng d | ||
| 010 | _a 2014030319 | ||
| 020 | _a0128013907 | ||
| 020 | _a9780128013908 | ||
| 040 |
_aDLC _beng _cDLC _dEG-ScBUE |
||
| 042 | _apcc | ||
| 082 | 0 | 4 |
_222 _a658.16 _bDEP |
| 100 | 1 |
_aDePamphilis, Donald M. _938960 |
|
| 245 | 1 | 0 |
_aMergers, acquisitions, and other restructuring activities : _bAn integrated approach to process, tools, cases, and solutions / _cDonald M. DePamphilis |
| 250 | _a8th ed. | ||
| 260 |
_aSan Diego, California : _bAcademic Press / Elsevier Inc., _cc.2015. |
||
| 300 |
_axxiv, 758 p. : _bill. ; _c24 cm. |
||
| 500 | _aGlossary : p. 723-729. | ||
| 500 | _aIndex : p. 731-758. | ||
| 504 | _aBibliography : p. 693-722. | ||
| 590 | _aWessam | ||
| 650 | 7 |
_aConsolidation and merger of corporations. _2BUEsh _936487 |
|
| 650 | 7 |
_aOrganizational change _2BUEsh _931019 _xManagement. |
|
| 650 | 7 |
_aConsolidation and merger of corporations. _936487 |
|
| 650 | 7 |
_aCorporate reorganizations _941664 _xManagement. |
|
| 651 | _2BUEsh | ||
| 942 |
_2ddc _e22 _k658.16 DEP |
||
| 999 |
_c23177 _d23149 |
||